Britain's atomic factories; (Record no. 545843)
[ view plain ]
| 000 -LEADER | |
|---|---|
| fixed length control field | 00661cam a22001691 4500 |
| 082 ## - DEWEY DECIMAL CLASSIFICATION NUMBER | |
| Classification number | 621.48042 |
| Author Mark | JAY |
| -- | L-7, P-11 |
| 110 1# - MAIN ENTRY--CORPORATE NAME | |
| Corporate name or jurisdiction name as entry element | Great Britain. |
| 9 (RLIN) | 39715 |
| 245 10 - TITLE STATEMENT | |
| Title | Britain's atomic factories; |
| Remainder of title | the story of atomic energy production in Britain, |
| Statement of responsibility, etc. | by K.E.B. Jay. [Prepared by the Ministry of Supply and the Central Office of Information] |
| 260 ## - PUBLICATION, DISTRIBUTION, ETC. | |
| Place of publication, distribution, etc. | London, |
| Name of publisher, distributor, etc. | H.M. Stationery Off., |
| Date of publication, distribution, etc. | 1954. |
| 300 ## - PHYSICAL DESCRIPTION | |
| Extent | x, 100 p. |
| Other physical details | illus. |
| Dimensions | 22 cm. |
| 526 ## - STUDY PROGRAM INFORMATION NOTE | |
| Program name | 0 |
| Interest level | 0 |
| Reading level | 0 |
| Title point value | 621_480420000000000_JAY |
| 650 #0 - SUBJECT ADDED ENTRY--TOPICAL TERM | |
| Topical term or geographic name entry element | MCE |
| 9 (RLIN) | 379 |
| 650 #0 - SUBJECT ADDED ENTRY--TOPICAL TERM | |
| Topical term or geographic name entry element | Nuclear industry |
| Geographic subdivision | Great Britain. |
| 9 (RLIN) | 41811 |
| 700 1# - ADDED ENTRY--PERSONAL NAME | |
| Personal name | Jay, Kenneth Edmund Brian. |
| 9 (RLIN) | 41812 |
| 710 1# - ADDED ENTRY--CORPORATE NAME | |
| Corporate name or jurisdiction name as entry element | Great Britain. |
| 9 (RLIN) | 39715 |
| 942 ## - ADDED ENTRY ELEMENTS (KOHA) | |
| Source of classification or shelving scheme | |
| Koha item type | Book |
| Withdrawn status | Lost status | Source of classification or shelving scheme | Damaged status | Not for loan | Permanent Location | Current Location | Date acquired | Total Checkouts | Full call number | Barcode | Date last seen | Price effective from | Koha item type |
|---|---|---|---|---|---|---|---|---|---|---|---|---|---|
| Military College of Engineering (MCE) | Military College of Engineering (MCE) | 05/29/2014 | 621.48042 JAY | MCE-40664 | 05/29/2014 | 05/29/2014 | Book |
